| 000 | 00403nam a22001577a 4500 | ||
|---|---|---|---|
| 003 | PILC | ||
| 005 | 20150903075834.0 | ||
| 008 | 150903b xxu||||| |||| 00| 0 eng d | ||
| 050 |
_aPZ 7 _b.M315 1989 |
||
| 100 | _aMarch, Jessica. | ||
| 245 |
_aTemptations / _cJessica March. |
||
| 260 |
_aNew York : _bWarner Books, _c1989. |
||
| 300 |
_a522 pages ; _c19 cm. |
||
| 650 | _aLove. | ||
| 942 |
_2lcc _cBK _kFOR |
||
| 999 |
_c288581 _d288581 |
||